00621cam a22002657a 4500003000500000005001700005008004100022010000900063011000900072020001500081035000900096040000900105082002400114110000800138245005300146260002300199300001900222410000800241490002500249650001300274650001100287700002400298810000800322830002500330CHAP20220817041145.0990812d1992 it a r 00110 eng d a7599 a8571 a9251031002 a7800 cCHAP04a658.312404bF3 v.232 aFAO10aHandlining and squid jiggingc/by B. A. Bjarmson aRome :bFAO,c1992 a62 p. :bilus.2 aFAO 0aCapacitaciónv; 2314aCalamar.14aPesca.0 aBjarnason, Bjorn A.0 aFAO 0aCapacitaciónv; 23